Brickwork one (Record no. 81189)
[ view plain ]
| 000 -LEADER | |
|---|---|
| fixed length control field | 00630nam a2200145 a 4500 |
| 008 - FIXED-LENGTH DATA ELEMENTS--GENERAL INFORMATION | |
| fixed length control field | 120416s1966 ||||||||||||||||| || u |
| 050 ## - LIBRARY OF CONGRESS CALL NUMBER | |
| Classification number | TH 5501 Nas |
| 100 ## - MAIN ENTRY--PERSONAL NAME | |
| Personal name | Nash, W. G |
| 245 10 - TITLE STATEMENT | |
| Title | Brickwork one |
| 260 ## - PUBLICATION, DISTRIBUTION, ETC. | |
| Place of publication, distribution, etc. | London |
| Name of publisher, distributor, etc. | Hutchinson Technical Education |
| Date of publication, distribution, etc. | 1966 |
| 300 ## - PHYSICAL DESCRIPTION | |
| Extent | xiv, 330p. : ill. |
| 350 ## - | |
| -- | 0.00 |
| 995 ## - | |
| -- | BINDERY (DAMAGED) |
| -- | 0.00 |
| -- | 715571 |
| -- | CBU-MAIN LIBRARY (Kitwe) |
| -- | 1 |
| -- | 0.00 |
| -- | TH 5501 Nas |
| -- | DAMAGED |
| -- | Jun 4, 2009 |
| -- | 715571 |
| -- | Main Library Open Access Collection |
| 995 ## - | |
| -- | ANNEX COLLECTION (Main Library) |
| -- | 0.00 |
| -- | 714753 |
| -- | CBU-MAIN LIBRARY (Kitwe) |
| -- | 1 |
| -- | 1.75 |
| -- | TH 5501 Nas |
| -- | AVAILABLE |
| -- | 015391 |
| -- | Annex Low-Usage Collection |
| 999 ## - | |
| -- | 81189 |
| -- | 81189 |
| Withdrawn status | Lost status | Source of classification or shelving scheme | Damaged status | Not for loan | Permanent Location | Current Location | Shelving location | Date acquired | Total Checkouts | Full call number | Barcode | Date last seen | Copy number | Price effective from | Koha item type |
|---|---|---|---|---|---|---|---|---|---|---|---|---|---|---|---|
| CBU-MAIN LIBRARY, KITWE. | CBU-MAIN LIBRARY, KITWE. | 07/19/2023 | TH 5501 Nas | 715571 | 07/19/2023 | 1 | 07/19/2023 | MONOGRAPH | |||||||
| CBU-MAIN LIBRARY, KITWE. | CBU-MAIN LIBRARY, KITWE. | 07/19/2023 | TH 5501 Nas | 015391 | 07/19/2023 | 2 | 07/19/2023 | MONOGRAPH |